| 000 | 00404nam a22001097a 4500 | ||
|---|---|---|---|
| 008 | 230612b xxu||||| |||| 00| 0 eng d | ||
| 082 |
_a352.4908 _bKEN |
||
| 245 | _aThe Report of the Controller and Auditor-General Together with the Appropriation Accounts Other Public Accounts and the Accounts of the Funds for the Year 1994/95 | ||
| 260 |
_aNairobi,Kenya _bGOK _c1996 |
||
| 300 | _aVI,496p | ||
| 942 |
_2ddc _cBK |
||
| 999 |
_c1119 _d1119 |
||